Women : (Record no. 110308)

MARC details
000 -LEADER
campo de control de longitud fija 01325nam a2200409L 4500
001 - NÚMERO DE CONTROL
campo de control 41078
005 - FECHA Y HORA DE LA ÚLTIMA TRANSACCIÓN
campo de control 20230411085956.0
008 - DATOS DE LONGITUD FIJA--INFORMACIÓN GENERAL
campo de control de longitud fija 920305s1991 xxu r i000 0 eng d
035 ## - NÚMERO DE CONTROL DEL SISTEMA
Número de control de sistema (OCoLC)ocn153303481
040 ## - FUENTE DE CATALOGACIÓN
Centro catalogador/agencia de origen NNUN
Centro/agencia transcriptor NYDRD
020 ## - NÚMERO INTERNACIONAL ESTÁNDAR DEL LIBRO
Número Internacional Estándar del Libro 9211004586
020 ## - NÚMERO INTERNACIONAL ESTÁNDAR DEL LIBRO
Número Internacional Estándar del Libro 9789211004588
035 ## - NÚMERO DE CONTROL DEL SISTEMA
Número de control de sistema (OCoLC)153303481
037 ## - FUENTE DE ADQUISICIÓN
Número de adquisición 91.I.21
Fuente del número de adquisición United Nations Publications, Room DC2-0853, Dept. I004, New York, N.Y. 10017
086 ## - NÚMERO DE CLASIFICACIÓN PARA DOCUMENTOS GUBERNAMENTALES
Número de clasificación [ST/]DPI/1134
Fuente del número undoc
049 ## - FONDOS LOCALES (OCLC)
Biblioteca depositaria GRAL
245 00 - MENCIÓN DEL TÍTULO
Título Women :
Resto del título challenges to the year 2000.
260 ## - PUBLICACIÓN, DISTRIBUCIÓN, ETC.
Lugar de publicación, distribución, etc. New York :
Nombre del editor, distribuidor, etc. UN, Department of Public Information,
Fecha de publicación, distribución, etc. 1991.
300 ## - DESCRIPCIÓN FÍSICA
Extensión 96 p. :
Otras características físicas ill., graphs, table.
500 ## - NOTA GENERAL
Nota general Includes bibliographical notes.
500 ## - NOTA GENERAL
Nota general UN sales no.: 91.I.21.
500 ## - NOTA GENERAL
Nota general Material type: Sales publications (UN).
506 ## - NOTA DE RESTRICCIONES AL ACCESO
Limitaciones de acceso Distribution: General.
610 27 - PUNTO DE ACCESO ADICIONAL DE MATERIA--NOMBRE DE ENTIDAD CORPORATIVA
Nombre de entidad corporativa o nombre de jurisdicción como elemento de entrada UN System.
Fuente del encabezamiento o término unbisn
650 07 - PUNTO DE ACCESO ADICIONAL DE MATERIA--TÉRMINO DE MATERIA
Término de materia o nombre geográfico como elemento de entrada WOMEN'S STATUS.
Fuente del encabezamiento o término unbist
650 07 - PUNTO DE ACCESO ADICIONAL DE MATERIA--TÉRMINO DE MATERIA
Término de materia o nombre geográfico como elemento de entrada GENDER DISCRIMINATION.
Fuente del encabezamiento o término unbist
650 07 - PUNTO DE ACCESO ADICIONAL DE MATERIA--TÉRMINO DE MATERIA
Término de materia o nombre geográfico como elemento de entrada POLITICAL PARTICIPATION.
Fuente del encabezamiento o término unbist
650 07 - PUNTO DE ACCESO ADICIONAL DE MATERIA--TÉRMINO DE MATERIA
Término de materia o nombre geográfico como elemento de entrada WOMEN IN POLITICS.
Fuente del encabezamiento o término unbist
650 07 - PUNTO DE ACCESO ADICIONAL DE MATERIA--TÉRMINO DE MATERIA
Término de materia o nombre geográfico como elemento de entrada EDUCATION.
Fuente del encabezamiento o término unbist
650 07 - PUNTO DE ACCESO ADICIONAL DE MATERIA--TÉRMINO DE MATERIA
Término de materia o nombre geográfico como elemento de entrada MATERNAL WELFARE.
Fuente del encabezamiento o término unbist
650 07 - PUNTO DE ACCESO ADICIONAL DE MATERIA--TÉRMINO DE MATERIA
Término de materia o nombre geográfico como elemento de entrada WOMEN WORKERS.
Fuente del encabezamiento o término unbist
650 07 - PUNTO DE ACCESO ADICIONAL DE MATERIA--TÉRMINO DE MATERIA
Término de materia o nombre geográfico como elemento de entrada DOMESTIC VIOLENCE.
Fuente del encabezamiento o término unbist
650 07 - PUNTO DE ACCESO ADICIONAL DE MATERIA--TÉRMINO DE MATERIA
Término de materia o nombre geográfico como elemento de entrada FOCAL POINTS.
Fuente del encabezamiento o término unbist
650 07 - PUNTO DE ACCESO ADICIONAL DE MATERIA--TÉRMINO DE MATERIA
Término de materia o nombre geográfico como elemento de entrada PUBLICATIONS.
Fuente del encabezamiento o término unbist
942 ## - ELEMENTOS DE ENTRADA SECUNDARIOS (KOHA)
Fuente del sistema de clasificación o colocación Clasificación de Library of Congress
Tipo de ítem Koha
994 ## -
-- C0
-- DRFGD
Holdings
Estatus retirado Estado de pérdida Fuente del sistema de clasificación o colocación Estado de daño No para préstamo Colección Biblioteca de origen Biblioteca actual Ubicación en estantería Fecha de adquisición Código de barras Visto por última vez Copia número Tipo de ítem Koha
    Clasificación de Library of Congress     Automatización y Procesos Técnicos Biblioteca Juan Bosch Biblioteca Juan Bosch Automatización y Procesos Técnicos (1er. Piso) 11/04/2023 00000042005 17/02/2019 1